[Event "Championship Moscow 2019"]
[Site "Moscow]
[Date "2019.04.04"]
[Round "6.21"]
[White "Eremina, Viktoria"]
[Black "Gaer, Margarita"]
[Result "1-0"]
[WhiteElo "1456"]
[BlackElo "1627"]
[PlyCount "111"]
[EventDate "2019.03.30"]

1. d4 e6 2. Nf3 f5 3. c4 d5 4. Bf4 c6 5. e3 Nf6 6. Bd3 Be7 7. Nc3 O-O 8. Qc2
Ne4 9. g4 Na6 10. a3 Qa5 11. Rc1 b5 12. cxb5 cxb5 13. gxf5 Nxc3 14. Qxc3 Qxc3+
15. Rxc3 exf5 16. Bxb5 Bb7 17. Rg1 Rad8 18. Ne5 Bf6 19. Nd7 Rf7 20. Nxf6+ Rxf6
21. Bg5 Rg6 22. Kf1 Rf8 23. Be7 Rf7 24. Rxg6 hxg6 25. Bh4 Rc7 26. Rxc7 Nxc7 27.
Bd7 Kf7 28. Bg3 Ne6 29. Bb5 g5 30. Be5 Nf8 31. Bd3 Bc8 32. Bb8 a6 33. Kg2 Ng6
34. b4 Ne7 35. b5 axb5 36. Bxb5 Bb7 37. a4 Nc6 38. Bc7 Na7 39. Bd3 g6 40. a5
Ke7 41. a6 Ba8 42. Bb6 Nc6 43. Kg3 Ke6 44. Bb5 Kd6 45. Bc5+ Kd7 46. f4 gxf4+
47. Kxf4 Ke6 48. Kg5 Kf7 49. h4 Nd8 50. Kh6 Ne6 51. Bd6 Ng7 52. Bd7 Nh5 53. Bc8
Nf6 54. Bb7 Ne8 55. Be5 Ke6 56. Bxa8 1-0

[Event "Championship Moscow 2019"]
[Site "Moscow]
[Date "2019.04.04"]
[Round "6.22"]
[White "Zvereva, Margarita"]
[Black "Chagina, Ulyana"]
[Result "0-1"]
[WhiteElo "1853"]
[BlackElo "1739"]
[PlyCount "106"]
[EventDate "2019.03.30"]

1. e4 e6 2. d4 d5 3. Nc3 Nf6 4. e5 Nfd7 5. f4 c5 6. Nf3 Nc6 7. Be3 Qb6 8. Na4
Qa5+ 9. c3 b6 10. Bd2 c4 11. b4 Qa6 12. Be2 Be7 13. O-O b5 14. Nb2 Qb7 15. a3
a5 16. Qc1 Nb6 17. Nd1 O-O 18. Ne3 Bd7 19. Qc2 f6 20. Kh1 fxe5 21. fxe5 Be8 22.
Rac1 Bg6 23. Qd1 axb4 24. axb4 Na4 25. Qe1 Nb2 26. Qg3 Nd3 27. Bxd3 Bxd3 28.
Rf2 Bd8 29. Ne1 Rxf2 30. Qxf2 Bg6 31. Nf3 Ra2 32. Qg3 Bd3 33. Ng4 Bg6 34. Bg5
Qf7 35. Bxd8 Nxd8 36. Ne3 Bd3 37. Ng4 Qg6 38. Qh4 Nc6 39. Qg5 Kf7 40. Qxg6+
Kxg6 41. Ne3 Ne7 42. Kg1 Nf5 43. Nxf5 Kxf5 44. g3 Kg4 45. Ne1 Be4 46. Rd1 Kh3
47. Rc1 h5 48. Rd1 g5 49. Rc1 g4 50. Rd1 Rxh2 51. Ra1 Kxg3 52. Kf1 Bg2+ 53.
Nxg2 Rh1+ 0-1

[Event "Championship Moscow 2019"]
[Site "?"]
[Date "2019.04.05"]
[Round "7.1"]
[White "Popov, Ivan"]
[Black "Kozionov, Kirill"]
[Result "1-0"]
[WhiteElo "2608"]
[BlackElo "2426"]
[PlyCount "93"]
[EventDate "2019.??.??"]
[WhiteClock "0:00:48"]
[BlackClock "0:02:15"]

1. e4 e5 2. Nf3 Nc6 3. Bc4 Bc5 4. O-O Nf6 5. d3 d6 6. c3 a6 7. a4 h6 8. Re1 Ba7
9. Nbd2 O-O 10. h3 Ne7 11. Bb3 Ng6 12. d4 Re8 13. Bc2 Nh7 14. Nf1 Ng5 15. Be3
Qf6 16. N3h2 exd4 17. Bxd4 Bxd4 18. Qxd4 Ne5 19. Qe3 Ne6 20. g3 a5 21. f4 Nc4
22. Qe2 Nb6 23. e5 dxe5 24. Ng4 Qe7 25. Nxe5 Qc5+ 26. Kg2 Nd5 27. Qb5 Qxb5 28.
axb5 b6 29. Be4 Bb7 30. c4 Ndxf4+ 31. gxf4 Nxf4+ 32. Kf3 Bxe4+ 33. Kxf4 Bg2 34.
Ne3 Bxh3 35. Nd5 Rac8 36. Nc6 Kf8 37. Nde7 Ra8 38. Nd5 Rac8 39. Rxe8+ Rxe8 40.
Nxc7 Re2 41. b4 g5+ 42. Kf3 Rb2 43. c5 Bg2+ 44. Ke3 Rb3+ 45. Kd2 Bxc6 46. bxc6
Rxb4 47. Na6 1-0

[Event "Championship Moscow 2019"]
[Site "?"]
[Date "2019.04.05"]
[Round "7.2"]
[White "Yeletsky, Ivan"]
[Black "Savchenko, Boris"]
[Result "1-0"]
[WhiteElo "2418"]
[BlackElo "2550"]
[PlyCount "97"]
[EventDate "2019.??.??"]
[WhiteClock "0:01:26"]
[BlackClock "0:01:27"]

1. e4 e6 2. d4 d5 3. Nc3 Bb4 4. e5 c5 5. a3 Bxc3+ 6. bxc3 Qa5 7. Bd2 Qa4 8. Qg4
Kf8 9. Qd1 b6 10. dxc5 bxc5 11. c4 Ne7 12. cxd5 exd5 13. Nf3 Nd7 14. Be2 Ba6
15. O-O Nc6 16. Bxa6 Qxa6 17. Re1 Re8 18. Bf4 Qc4 19. Bg3 h5 20. h3 h4 21. Bh2
Rh6 22. Rb1 Nb6 23. Rb3 Nd8 24. Ng5 Kg8 25. Rf3 Rg6 26. Rf4 Qb5 27. Nf3 Ne6 28.
Rxh4 Qa5 29. a4 d4 30. Rh5 Nd5 31. Nh4 Qd8 32. Qf3 Nb4 33. Qe4 Qa8 34. Nxg6
fxg6 35. Qxg6 Nf8 36. Qg3 Qd5 37. c3 Nc2 38. Rd1 Qe4 39. cxd4 Nxd4 40. Qh4 Qc2
41. Rf1 Ng6 42. Qg4 Nf8 43. Bg3 Qxa4 44. Kh2 a5 45. f4 Qb5 46. Rf2 Qd7 47. f5
g6 48. e6 Qg7 49. f6 1-0

[Event "Championship Moscow 2019"]
[Site "?"]
[Date "2019.04.05"]
[Round "7.5"]
[White "Gubajdullin, Alexei"]
[Black "Afanasiev, Nikita"]
[Result "0-1"]
[WhiteElo "2375"]
[BlackElo "2457"]
[PlyCount "96"]
[EventDate "2019.??.??"]
[WhiteClock "0:16:44"]
[BlackClock "0:17:55"]

1. d4 Nf6 2. Bf4 g6 3. e3 Bg7 4. Nf3 d6 5. Be2 O-O 6. O-O Nc6 7. h3 Nd7 8. Bg5
h6 9. Bh4 g5 10. Bg3 e5 11. dxe5 dxe5 12. Nfd2 f5 13. f3 Nb6 14. c3 Be6 15. e4
f4 16. Bf2 h5 17. Nb3 Qxd1 18. Rxd1 Na4 19. Rd2 a6 20. Nc1 Rfd8 21. Nd3 Bf8 22.
b3 Nb6 23. Nc5 Bxc5 24. Bxc5 Nd7 25. Bf2 Nf6 26. Rxd8+ Rxd8 27. Be1 Kf7 28. Nd2
g4 29. Kh2 Ne7 30. Nc4 Ng6 31. Na5 Bc8 32. Rd1 Rxd1 33. Bxd1 g3+ 34. Kg1 Nh7
35. Nc4 Ng5 36. h4 Ne6 37. Nb2 Nxh4 38. Nd3 Ng6 39. b4 Kf6 40. c4 h4 41. Bc3
Ng5 42. b5 h3 43. bxa6 bxa6 44. gxh3 Nxh3+ 45. Kf1 Be6 46. Bb3 Ng5 47. Ne1 Nh4
48. Ke2 g2 0-1

[Event "Championship Moscow 2019"]
[Site "?"]
[Date "2019.04.05"]
[Round "7.6"]
[White "Golubov, Saveliy"]
[Black "Yeritsyan, Aram"]
[Result "1/2-1/2"]
[WhiteElo "2495"]
[BlackElo "2294"]
[PlyCount "111"]
[EventDate "2019.??.??"]
[WhiteClock "0:02:09"]
[BlackClock "0:01:09"]

1. Nf3 d5 2. g3 c6 3. Bg2 Bg4 4. O-O Nd7 5. d3 e6 6. Nbd2 Bd6 7. b3 Ne7 8. Bb2
O-O 9. e4 a5 10. a3 b5 11. c4 Qb6 12. Qc2 e5 13. d4 exd4 14. cxd5 cxd5 15. Bxd4
Bc5 16. Bxc5 Nxc5 17. exd5 Bf5 18. Qc3 Nxd5 19. Qe5 Be6 20. Qh5 Nf6 21. Qh4
Nxb3 22. Nxb3 Bxb3 23. Rab1 Bc2 24. Rb2 Be4 25. g4 h6 26. Qg3 Rab8 27. h4 Qe6
28. Re1 Qd5 29. Rd2 Qb3 30. Re3 Qb1+ 31. Re1 Qb3 32. Rde2 Bxf3 33. Bxf3 Rbe8
34. g5 hxg5 35. hxg5 Rxe2 36. Rxe2 Nd5 37. Re5 Rd8 38. Kg2 Qc4 39. Re4 Qd3 40.
Qe5 Qc3 41. Qg3 g6 42. Re5 Qd2 43. Qh4 Nf4+ 44. Kg3 Nd3 45. Re2 Qc3 46. Re3
Qc7+ 47. Kg2 Nf4+ 48. Kg1 Ne6 49. Bg4 Ng7 50. Rh3 Qc1+ 51. Kg2 Nh5 52. Bxh5
gxh5 53. Qxh5 Qc6+ 54. Kg1 Qc1+ 55. Kg2 Qc6+ 56. Kg1 1/2-1/2

[Event "Championship Moscow 2019"]
[Site "?"]
[Date "2019.04.05"]
[Round "7.7"]
[White "Ivanov, Oleg V"]
[Black "Pavlov, Mark"]
[Result "1-0"]
[WhiteElo "2436"]
[BlackElo "2001"]
[PlyCount "87"]
[EventDate "2019.??.??"]
[WhiteClock "0:49:02"]
[BlackClock "0:11:15"]

1. e4 e6 2. d4 d5 3. Nc3 Nf6 4. e5 Nfd7 5. f4 c5 6. Nf3 Nc6 7. Be3 Qb6 8. Na4
Qa5+ 9. c3 b6 10. Bd2 c4 11. b4 Qa6 12. Be2 Be7 13. O-O O-O 14. Qc2 f5 15. Nb2
Qb7 16. a4 a5 17. b5 Nd8 18. h3 Nb8 19. g4 Bd7 20. Rf2 Be8 21. Rg2 Bg6 22. Qc1
Kh8 23. Qe1 Rg8 24. Nd1 Bf7 25. Ne3 g6 26. h4 Ra7 27. Kh1 Qc8 28. Qf2 Kg7 29.
h5 Kf8 30. Rag1 Ke8 31. Nh4 Rh8 32. Rh2 Kd7 33. hxg6 hxg6 34. gxf5 gxf5 35. Ng6
Re8 36. Nxe7 Kxe7 37. Rh7 Kd7 38. Bh5 Rf8 39. Bc1 Nbc6 40. bxc6+ Kxc6 41. Rgg7
Rc7 42. Nxc4 dxc4 43. Qg2+ Kd7 44. Bxf7 1-0

[Event "Championship Moscow 2019"]
[Site "?"]
[Date "2019.04.05"]
[Round "7.8"]
[White "Galaktionov, Artem"]
[Black "Geivondian, Arman"]
[Result "1-0"]
[WhiteElo "2196"]
[BlackElo "2374"]
[PlyCount "105"]
[EventDate "2019.??.??"]
[WhiteClock "0:02:10"]
[BlackClock "0:26:57"]

1. d4 d5 2. Nf3 Nf6 3. c4 dxc4 4. e3 e6 5. Bxc4 c5 6. dxc5 Qxd1+ 7. Kxd1 Bxc5
8. a3 Nbd7 9. b4 Bd6 10. Bb2 a5 11. bxa5 Rxa5 12. Nbd2 Nb6 13. Bd4 Bc5 14. Rb1
Bxd4 15. Nxd4 Nxc4 16. Nxc4 Ra6 17. Ke2 O-O 18. Rhc1 e5 19. Nxe5 Rxa3 20. Rb2
Ra5 21. Nc4 Rc5 22. Rbc2 Bd7 23. Nb6 Bb5+ 24. Kf3 Rxc2 25. Rxc2 Bd3 26. Rc7 g5
27. g4 h5 28. gxh5 Be4+ 29. Kg3 g4 30. Nd7 Nxd7 31. Rxd7 b5 32. Re7 Bd3 33. Rb7
Rd8 34. Kxg4 Rd5 35. f3 Bc4 36. Nf5 Rd2 37. Kg3 Rd1 38. e4 Rg1+ 39. Kf4 Rd1 40.
Ne3 Rh1 41. Ng4 Be6 42. Rxb5 Bxg4 43. fxg4 Rxh2 44. Kg5 Kg7 45. Rb7 Rf2 46. e5
Kg8 47. Kh6 Kf8 48. g5 Rh2 49. e6 fxe6 50. Kg6 e5 51. h6 e4 52. h7 e3 53. Rb8+
1-0

[Event "Championship Moscow 2019"]
[Site "?"]
[Date "2019.04.05"]
[Round "7.9"]
[White "Prokopchuk, Yury"]
[Black "Smirnov, Timofey"]
[Result "0-1"]
[WhiteElo "2267"]
[BlackElo "2318"]
[PlyCount "94"]
[EventDate "2019.??.??"]
[WhiteClock "0:29:08"]
[BlackClock "0:09:29"]

1. d4 d5 2. Bf4 c5 3. e3 Nc6 4. c3 Nf6 5. Nf3 Qb6 6. Qc2 Bg4 7. Nbd2 e6 8. Ne5
Bf5 9. Bd3 Bxd3 10. Nxd3 c4 11. Ne5 Nxe5 12. Bxe5 Nd7 13. Bg3 Be7 14. e4 O-O
15. O-O Qc6 16. a4 b6 17. Rfe1 Rfe8 18. Re2 Nf6 19. f3 Nh5 20. exd5 exd5 21.
Rae1 Bg5 22. Nf1 g6 23. Re5 Bf6 24. R5e3 Rxe3 25. Rxe3 Re8 26. Kf2 Bg5 27.
Rxe8+ Qxe8 28. b4 cxb3 29. Qxb3 Qc6 30. Ne3 Bxe3+ 31. Kxe3 a6 32. Kd3 b5 33.
axb5 axb5 34. Kc2 Ng7 35. Qa3 Nf5 36. Bf2 Qc4 37. Kd2 Qf1 38. Qa8+ Kg7 39. Bg3
Qxg2+ 40. Kc1 Qxf3 41. Kb2 Ne3 42. Qb8 Nd1+ 43. Kc1 Nxc3 44. Be5+ f6 45. Qc7+
Kh6 46. Bxf6 Qd1+ 47. Kb2 Qb1+ 0-1

[Event "Championship Moscow 2019"]
[Site "?"]
[Date "2019.04.05"]
[Round "7.10"]
[White "Dragomarezkij, Evgeni"]
[Black "Tunik, Sergey"]
[Result "1/2-1/2"]
[WhiteElo "2364"]
[BlackElo "2167"]
[PlyCount "82"]
[EventDate "2019.??.??"]
[WhiteClock "0:04:23"]
[BlackClock "0:04:29"]

1. c4 c6 2. Nf3 d5 3. e3 Nf6 4. d4 e6 5. Bd3 dxc4 6. Bxc4 Nbd7 7. O-O b5 8. Bd3
Bb7 9. e4 a6 10. Bg5 c5 11. d5 e5 12. b3 Be7 13. Bxf6 Bxf6 14. Nc3 O-O 15. a4
Qa5 16. Qd2 b4 17. Ne2 Rfe8 18. Qc2 Nb6 19. Nd2 Bg5 20. Nc4 Nxc4 21. Bxc4 Qb6
22. Nc1 Rad8 23. Rd1 Rd6 24. Nd3 Bc8 25. Nb2 Rh6 26. Bf1 Qg6 27. Rd3 Qxe4 28.
g3 Qf5 29. Re1 e4 30. Bg2 Bd7 31. Rdd1 Bf6 32. Nc4 Bd4 33. Re2 Qxd5 34. Rxe4
Rxe4 35. Qxe4 Qxe4 36. Bxe4 Kf8 37. Bd5 Rf6 38. Rd2 Bg4 39. Kg2 Be6 40. Bxe6
Rxe6 41. Kf1 Rf6 1/2-1/2

[Event "Championship Moscow 2019"]
[Site "?"]
[Date "2019.04.05"]
[Round "7.11"]
[White "Tsoi, Dmitry"]
[Black "Trusov, Mikhail"]
[Result "0-1"]
[WhiteElo "2347"]
[BlackElo "2136"]
[PlyCount "202"]
[EventDate "2019.??.??"]
[WhiteClock "0:09:43"]
[BlackClock "0:07:29"]

1. f4 d5 2. Nf3 Nf6 3. g3 c5 4. Bg2 g6 5. O-O Bg7 6. d3 O-O 7. Qe1 d4 8. c4 Nc6
9. Na3 Re8 10. Nc2 a5 11. h3 Qc7 12. Na3 Bd7 13. Nb5 Qc8 14. Kh2 Nb4 15. Na3
Bc6 16. Bd2 Nd7 17. Qf2 f6 18. Nb5 b6 19. a3 Na6 20. b4 a4 21. f5 Nf8 22. Nh4
Bxg2 23. Nxg2 Nc7 24. Nxc7 Qxc7 25. e4 dxe3 26. Nxe3 e6 27. fxe6 Rxe6 28. Nd5
Qc6 29. Rae1 Rae8 30. Rxe6 Rxe6 31. Re1 Kf7 32. g4 Rxe1 33. Qxe1 Ne6 34. b5
Qd6+ 35. Qg3 Qd8 36. Bc3 h6 37. Kg1 Nd4 38. Bxd4 cxd4 39. h4 Bf8 40. Qf4 Bxa3
41. Qxh6 Bf8 42. Qh7+ Bg7 43. h5 gxh5 44. gxh5 Qe8 45. Kf2 Qe5 46. Kf3 Qg5 47.
Nf4 f5 48. Qg6+ Qxg6 49. hxg6+ Kg8 50. Ne2 a3 51. Nc1 Be5 52. Na2 Kg7 53. Nb4
Kxg6 54. Na2 Kg5 55. Nb4 Bd6 56. Na2 Kf6 57. Nc1 Ke6 58. Na2 Be5 59. Nc1 Kd6
60. Na2 Kc5 61. Kg2 Bf4 62. Kf3 Be3 63. Kg2 Bd2 64. Kf3 Kd6 65. Ke2 Bh6 66. Kf3
Kc5 67. Ke2 Kd6 68. Kf3 Ke5 69. Nb4 Bg7 70. Nc6+ Ke6 71. Nb4 Bf8 72. Na2 Bd6
73. Nc1 Kf6 74. Na2 Kg5 75. Nc1 Kh4 76. Na2 Kh3 77. Nc1 Kh2 78. Kf2 Be7 79. Na2
Bg5 80. Nb4 Bh4+ 81. Kf3 Be1 82. Na2 Bd2 83. Ke2 f4 84. Kf2 Kh1 85. Kf1 Kh2 86.
Kf2 Kh3 87. Kf3 Kh4 88. c5 bxc5 89. b6 Ba5 90. Kxf4 Bxb6 91. Nc1 Ba5 92. Na2
Bb4 93. Kf3 Kg5 94. Nc1 Kf5 95. Ke2 Kf4 96. Na2 Kg3 97. Nc1 Bc3 98. Kd1 Bb2 99.
Na2 Kf3 100. Kc2 Ke2 101. Kb1 Kxd3 0-1

[Event "Championship Moscow 2019"]
[Site "?"]
[Date "2019.04.05"]
[Round "7.12"]
[White "Makarian, Rudik"]
[Black "Spichkin, Alexander"]
[Result "0-1"]
[WhiteElo "2364"]
[BlackElo "2197"]
[PlyCount "134"]
[EventDate "2019.??.??"]
[WhiteClock "0:05:52"]
[BlackClock "0:03:10"]

1. Nf3 d5 2. g3 c6 3. Bg2 e6 4. O-O f5 5. b3 Nf6 6. d4 Bd6 7. Ba3 O-O 8. c4
Bxa3 9. Nxa3 Qe7 10. Nc2 Bd7 11. c5 Be8 12. b4 Nbd7 13. Ne5 Nxe5 14. dxe5 Nd7
15. f4 b6 16. Nd4 Rc8 17. cxb6 Nxb6 18. Qd3 c5 19. bxc5 Qxc5 20. Kh1 Bd7 21. g4
fxg4 22. f5 exf5 23. e6 Ba4 24. Qe3 g6 25. Rac1 Qe7 26. Qe5 Qg7 27. Qe3 Rxc1
28. Rxc1 f4 29. Qc3 Qe5 30. Qb4 f3 31. exf3 Rf4 32. Qe7 Qxd4 33. fxg4 Qf6 34.
Qd6 Bb5 35. Qb8+ Qf8 36. Qxa7 Bf1 37. Bf3 Rxf3 38. e7 Qe8 39. Re1 Nc8 40. Qc7
Bh3 41. Qd8 Nd6 42. Qxd6 Bxg4 43. Qxd5+ Rf7 44. Qd8 Bf3+ 45. Kg1 Bc6 46. Qd6
Bb5 47. Qc5 Rf5 48. Qe3 Bc4 49. Rc1 Bf7 50. a3 Rf6 51. Re1 Ra6 52. Qf3 Re6 53.
Rxe6 Bxe6 54. Qf6 Qf7 55. Qg5 Bc4 56. Qc1 Bb5 57. Qe1 Be8 58. Qe4 Qf6 59. Qc4+
Kg7 60. Qc5 Kf7 61. a4 Qxe7 62. Qc4+ Kg7 63. Qd4+ Qf6 64. Qa7+ Kh6 65. a5 Bb5
66. Kg2 Bc6+ 67. Kg1 Qf3 0-1

[Event "Championship Moscow 2019"]
[Site "Moscow"]
[Date "2019.04.05"]
[Round "7.13"]
[White "Zhukov, Anton"]
[Black "Salman, Pavel"]
[Result "0-1"]
[WhiteElo "2076"]
[BlackElo "2248"]
[PlyCount "80"]
[EventDate "2019.03.30"]

1. d4 Nf6 2. c4 c5 3. d5 b5 4. cxb5 a6 5. bxa6 g6 6. Nc3 Bg7 7. e4 O-O 8. Nf3
Qa5 9. Nd2 Bxa6 10. Bxa6 Qxa6 11. Qe2 e6 12. Qxa6 Nxa6 13. d6 Rfb8 14. a3 Nb4
15. O-O Nd3 16. Ra2 Ng4 17. Nc4 Ngxf2 18. Bd2 Bxc3 19. Bxc3 Nxe4 20. Rd1 Nef2
21. Rd2 Ra4 22. Na5 Ne4 23. Rxd3 Nxc3 24. Nc6 Ne2+ 25. Kf2 Nf4 26. Ne7+ Kf8 27.
Rc3 Rd4 28. g3 Nd3+ 29. Ke3 Nxb2 30. Rxc5 Rxd6 31. Nc8 Ra6 32. Rc2 Na4 33. Rc7
d5 34. Rf2 f5 35. Kd4 Nb2 36. Rxh7 e5+ 37. Ke3 Nd1+ 38. Ke2 Nxf2 39. Kxf2 Rb2+
40. Kg1 Rxa3 0-1

[Event "Championship Moscow 2019"]
[Site "Moscow"]
[Date "2019.04.05"]
[Round "7.14"]
[White "Rozanov, Pavel B"]
[Black "Kurdakov, Yuri"]
[Result "1/2-1/2"]
[WhiteElo "2235"]
[BlackElo "2144"]
[PlyCount "128"]
[EventDate "2019.03.30"]

1. d4 e6 2. c4 Nf6 3. Nc3 d5 4. cxd5 Nxd5 5. e4 Nxc3 6. bxc3 c5 7. a3 g6 8. Nf3
Bg7 9. Be2 O-O 10. O-O b6 11. Bg5 Qc7 12. Qd2 Nd7 13. e5 Re8 14. h3 Bb7 15. Nh2
Rac8 16. Rac1 f6 17. exf6 Nxf6 18. Bf4 Qd7 19. Be5 cxd4 20. cxd4 Rxc1 21. Rxc1
Rc8 22. Bf3 Bd5 23. Bxd5 exd5 24. f3 Rc4 25. Re1 Rc8 26. Qg5 Qf7 27. Ng4 Re8
28. Rc1 Nxg4 29. hxg4 Bxe5 30. dxe5 d4 31. Rc6 Qd5 32. Rd6 Qxe5 33. Qxe5 Rxe5
34. Rxd4 Ra5 35. a4 a6 36. Kh2 b5 37. axb5 Rxb5 38. Rd7 a5 39. Ra7 h5 40. Kg3
hxg4 41. Kxg4 g5 42. g3 Kf8 43. f4 gxf4 44. gxf4 Kg8 45. f5 Rb4+ 46. Kg5 a4 47.
Kf6 Rb6+ 48. Kg5 Rb4 49. Kh5 Rc4 50. Kh6 Rb4 51. Kg5 Rc4 52. Kg6 Rg4+ 53. Kf6
Rb4 54. Ra5 Rb6+ 55. Kg5 Rb4 56. Kg6 Rg4+ 57. Kf6 Rb4 58. Ra6 Rc4 59. Ke7 Rc7+
60. Ke6 Rc4 61. Ra8+ Kh7 62. f6 Rc6+ 63. Kf5 Rc7 64. Rxa4 Kg8 1/2-1/2

[Event "Championship Moscow 2019"]
[Site "Moscow"]
[Date "2019.04.05"]
[Round "7.15"]
[White "Ageichenko, Genadi A"]
[Black "Anfinogenov, Artem"]
[Result "1-0"]
[WhiteElo "2208"]
[BlackElo "2065"]
[PlyCount "113"]
[EventDate "2019.03.30"]

1. d4 Nf6 2. c4 c5 3. Nf3 cxd4 4. Nxd4 e5 5. Nb5 d5 6. cxd5 Bc5 7. e3 O-O 8.
Be2 Nxd5 9. O-O Nc6 10. a3 Be6 11. b4 Be7 12. N1c3 Nf6 13. Qc2 a6 14. Rd1 Qb8
15. Bb2 axb5 16. Nxb5 Rd8 17. h3 Ne8 18. Bf3 Qc8 19. Rac1 Rxd1+ 20. Rxd1 Na7
21. Qa4 Bd7 22. Nxa7 Bxa4 23. Nxc8 Bxd1 24. Nxe7+ Kf8 25. Bxd1 Kxe7 26. Bf3 e4
27. Bxe4 Nd6 28. Bd3 g6 29. Kf1 Rc8 30. Ke2 Nc4 31. Bxc4 Rxc4 32. Kd3 Rc8 33.
a4 Kd6 34. Bc3 f5 35. Kd4 b6 36. f3 Ra8 37. a5 b5 38. Kd3 Rc8 39. Bd4 Rc6 40.
e4 fxe4+ 41. fxe4 Ke6 42. Bc5 Ke5 43. Ke3 g5 44. Bd4+ Ke6 45. Kd3 Kd6 46. Be3
h5 47. Bc5+ Ke5 48. Ke3 Re6 49. Bd4+ Kd6 50. a6 Re8 51. a7 Ke6 52. Bb6 Kd6 53.
Kd4 Rc8 54. e5+ Kc6 55. Bc5 Rd8+ 56. Ke4 Kb7 57. e6 1-0

[Event "Championship Moscow 2019"]
[Site "Moscow"]
[Date "2019.04.05"]
[Round "7.16"]
[White "Sekoyan, Vachagan"]
[Black "Yarygin, Maksim"]
[Result "1-0"]
[WhiteElo "1994"]
[BlackElo "2204"]
[PlyCount "110"]
[EventDate "2019.03.30"]

1. e4 c5 2. Nf3 Nc6 3. d3 g6 4. g3 Bg7 5. Bg2 e6 6. O-O Nge7 7. Re1 O-O 8. c3
d5 9. e5 Rb8 10. Nbd2 b5 11. Nf1 b4 12. h4 h5 13. N1h2 Nf5 14. Bg5 f6 15. exf6
Bxf6 16. g4 Ng7 17. d4 Bxg5 18. hxg5 bxc3 19. bxc3 Rf4 20. Qd2 Qf8 21. dxc5
hxg4 22. Nh4 Kh7 23. Bf1 e5 24. Qxd5 Qe8 25. Bg2 Bb7 26. Rab1 Rd8 27. Qb3 Bc8
28. Be4 Ne7 29. Ng2 Rf8 30. Rbd1 Be6 31. Qc2 Qb5 32. Rxd8 Rxd8 33. Ne3 g3 34.
Nhg4 Bxg4 35. Nxg4 Qxc5 36. Nf6+ Kh8 37. Kg2 Nh5 38. fxg3 Kg7 39. Bxg6 Nf4+ 40.
gxf4 Nxg6 41. Nh5+ Kh7 42. Rxe5 Qc6+ 43. Kg3 Qb6 44. Re1 Kh8 45. Nf6 Kg7 46.
Nh5+ Kh8 47. Nf6 Kg7 48. Ne8+ Rxe8 49. Rxe8 Qg1+ 50. Qg2 Qb6 51. Re4 Qc5 52.
Kg4 Qd5 53. Re2 Qb5 54. Qe4 a5 55. f5 Qb8 1-0

[Event "Championship Moscow 2019"]
[Site "Moscow"]
[Date "2019.04.05"]
[Round "7.17"]
[White "Khmelev, Mikhail"]
[Black "Obolentseva, Alexandra"]
[Result "1/2-1/2"]
[WhiteElo "1995"]
[BlackElo "2324"]
[PlyCount "83"]
[EventDate "2019.03.30"]

1. e4 c5 2. Nf3 d6 3. d4 cxd4 4. Nxd4 Nf6 5. Nc3 a6 6. h3 e5 7. Nde2 h5 8. Bg5
Be6 9. g3 Be7 10. Bg2 b5 11. Bxf6 Bxf6 12. Nd5 Nd7 13. O-O Rc8 14. a4 Bxd5 15.
exd5 Qb6 16. Nc3 h4 17. g4 Bg5 18. axb5 axb5 19. Qd3 Rb8 20. b4 Qd4 21. Qxd4
exd4 22. Rfe1+ Kd8 23. Ne2 Bf6 24. g5 d3 25. gxf6 dxe2 26. fxg7 Rg8 27. Rxe2
Rxg7 28. Kh2 Rg5 29. Ra6 Rb6 30. Ra8+ Rb8 31. Rxb8+ Nxb8 32. Re4 Rxd5 33. Rxh4
Rf5 34. f4 Na6 35. c3 Nc7 36. Be4 Rf6 37. Rg4 d5 38. Bg2 Rc6 39. Rg5 Rxc3 40.
Bxd5 Ke7 41. Be4 Rc4 42. Re5+ 1/2-1/2

[Event "Championship Moscow 2019"]
[Site "Moscow"]
[Date "2019.04.05"]
[Round "7.18"]
[White "Tarasov, Oleg"]
[Black "Chudinovskikh, Alexander M"]
[Result "1/2-1/2"]
[WhiteElo "2175"]
[BlackElo "2206"]
[Annotator "icy"]
[PlyCount "111"]
[EventDate "2019.03.30"]

1. e4 e5 2. Nf3 d6 3. d4 exd4 4. Nxd4 Nf6 5. Nc3 Be7 6. g3 Bg4 7. f3 Bd7 8. Be3
O-O 9. Qd2 Nc6 10. O-O-O Nxd4 11. Bxd4 Be6 12. f4 c5 13. Bxf6 Bxf6 14. Nd5 Bxd5
15. Qxd5 Qa5 16. Kb1 b5 17. Bg2 Rad8 18. g4 Qb4 19. Qb3 Qxb3 20. axb3 g5 21.
fxg5 Bxg5 22. Rhf1 Kg7 23. Rd5 f6 24. Rfd1 Bf4 25. b4 cxb4 26. Rxb5 Rb8 27. Ra5
Rf7 28. h4 Rb6 29. Bf1 Bg3 30. h5 Rc7 31. Rd3 Be5 32. Rb3 Kh6 33. Ra4 Rbc6 34.
Bd3 Kg5 35. Raxb4 Kxg4 36. Be2+ Kh4 37. c3 Rg7 38. Rb7 Rcc7 39. Rxc7 Rxc7 40.
Kc2 Rg7 41. Ra3 h6 42. b4 Kg3 43. Bb5 Kf4 44. Bc6 Kg5 45. Be8 Kf4 46. Bc6 Ke3
47. Bd5 Rg2+ 48. Kb3 Kd3 49. Bc4+ Kxe4 50. Rxa7 Rg3 51. b5 d5 52. Be2 Rxc3+ 53.
Kb4 Rc2 54. Bd1 Rc1 55. Bb3 Rc3 56. Ka4 {çàïèñü íåÿñíà} 1/2-1/2

[Event "Championship Moscow 2019"]
[Site "Moscow"]
[Date "2019.04.05"]
[Round "7.19"]
[White "Volodin, Viktor"]
[Black "Tarasov, Danila"]
[Result "1/2-1/2"]
[WhiteElo "2191"]
[BlackElo "1934"]
[PlyCount "84"]
[EventDate "2019.03.30"]

1. Nf3 Nf6 2. c4 e6 3. g3 d5 4. d4 Bb4+ 5. Bd2 Be7 6. Bg2 O-O 7. O-O c6 8. Qc2
b6 9. Nc3 a5 10. e4 dxc4 11. e5 Nd5 12. Ne4 h6 13. Rfd1 Ba6 14. a3 Nd7 15. Be1
Qc7 16. Nc3 b5 17. Nd2 N7b6 18. Nce4 Bb7 19. b3 c5 20. dxc5 Bxc5 21. Nxc5 Qxc5
22. Ne4 Qc6 23. Nd6 a4 24. bxc4 Nxc4 25. Rac1 Nxe5 26. Qxc6 Bxc6 27. f4 Nc4 28.
Nxc4 bxc4 29. Rxc4 Ne3 30. Bxc6 Nxc4 31. Bxa8 Rxa8 32. Bb4 Ne3 33. Rd7 Nd5 34.
Bd6 g6 35. Rb7 g5 36. h3 gxf4 37. gxf4 Kg7 38. f5 exf5 39. Rb5 Ne3 40. Kf2 Nc4
41. Bb4 Rd8 42. Rc5 Nd6 1/2-1/2

[Event "Championship Moscow 2019"]
[Site "Moscow"]
[Date "2019.04.05"]
[Round "7.20"]
[White "Fedorov, Nikita"]
[Black "Trofimovsky, Alexander"]
[Result "1-0"]
[WhiteElo "2030"]
[BlackElo "2031"]
[PlyCount "69"]
[EventDate "2019.03.30"]

1. e4 c5 2. Nf3 d6 3. d4 cxd4 4. Nxd4 Nf6 5. Nc3 a6 6. f3 Nbd7 7. Be3 Qc7 8. g4
h6 9. Qd2 b5 10. h4 Bb7 11. Rg1 b4 12. Nce2 e5 13. Nf5 d5 14. g5 hxg5 15. hxg5
g6 16. Nfg3 d4 17. Bf2 Nh5 18. Rh1 Rc8 19. Nxh5 Rxh5 20. Rxh5 gxh5 21. O-O-O
Nc5 22. Ng3 Be7 23. Kb1 Ne6 24. Nxh5 Bxg5 25. Qe2 Nf4 26. Nxf4 Bxf4 27. Bh3 Qc4
28. Qxc4 Rxc4 29. Rg1 Kf8 30. Bf5 Rc6 31. Bh4 Rh6 32. Bd8 Bc6 33. Ba5 Bb5 34.
Bxb4+ Ke8 35. Rg8# 1-0

[Event "Championship Moscow 2019"]
[Site "Moscow"]
[Date "2019.04.05"]
[Round "7.21"]
[White "Anisimov, Yuri"]
[Black "Zenin, Dmitry"]
[Result "1/2-1/2"]
[WhiteElo "1919"]
[BlackElo "2236"]
[PlyCount "64"]
[EventDate "2019.03.30"]

1. d4 Nf6 2. c4 g6 3. Nc3 Bg7 4. e4 d6 5. Be2 O-O 6. Be3 c5 7. d5 e6 8. Nf3
exd5 9. cxd5 Bg4 10. Nd2 Bxe2 11. Qxe2 Re8 12. O-O Nbd7 13. Bf4 Ne5 14. Bxe5
Rxe5 15. Nc4 Re7 16. a4 Nxe4 17. Nxe4 f5 18. f3 fxe4 19. fxe4 Qd7 20. Qc2 Qg4
21. Rae1 Be5 22. Qe2 Qxe2 23. Rxe2 Kg7 24. g3 Rd8 25. Kg2 Bd4 26. b3 Red7 27.
a5 Re8 28. Rf3 Ree7 29. Rf1 Re8 30. Rf3 Ree7 31. Rf1 Re8 32. Rf3 Ree7 1/2-1/2

[Event "Championship Moscow 2019"]
[Site "Moscow"]
[Date "2019.04.05"]
[Round "7.22"]
[White "Makarenko, Aleksandr"]
[Black "Israfilov, Ali"]
[Result "1-0"]
[WhiteElo "2215"]
[BlackElo "1792"]
[PlyCount "47"]
[EventDate "2019.03.30"]

1. Nf3 d5 2. c4 c6 3. d4 Nf6 4. g3 dxc4 5. Bg2 b5 6. O-O e6 7. a4 Bb7 8. b3
cxb3 9. Qxb3 a6 10. Rd1 Nbd7 11. Ne5 Nxe5 12. dxe5 Nd7 13. Nc3 Rb8 14. axb5
axb5 15. Ne4 c5 16. Bg5 Qc8 17. Ra7 h6 18. Bf6 Bxe4 19. Bxe4 gxf6 20. Qf3 Bg7
21. Rdxd7 Qxd7 22. Bc6 Qxc6 23. Qxc6+ Kf8 24. Qc7 1-0

[Event "Championship Moscow 2019"]
[Site "Moscow"]
[Date "2019.04.05"]
[Round "7.23"]
[White "Lupolov, Boris"]
[Black "Teiitbaev, Aktilek"]
[Result "1/2-1/2"]
[WhiteElo "1907"]
[BlackElo "2193"]
[Annotator "icy"]
[PlyCount "38"]
[EventDate "2019.03.30"]

1. d4 Nf6 2. c4 d6 3. Nc3 Nbd7 4. e4 e5 5. Nge2 Be7 6. f3 c6 7. Be3 a6 8. d5 c5
9. Qd2 h6 10. Ng3 Nf8 11. Bd3 N6h7 12. Rc1 Bg5 13. Nge2 Bxe3 14. Qxe3 Qg5 15.
Qxg5 hxg5 16. h4 gxh4 17. Rxh4 Ng6 18. Rh2 Nf6 19. Rxh8+ Nxh8 {çàïèñü
íåÿñíà} 1/2-1/2